000 01015nam a2200325Ia 4500
001 60162
003 IT-RoPAU
008 130308s9999 xx 000 0 und d
040 _aIT-RoPAU
040 _cIT-RoPAU
041 _aINGLESE
100 _aElliott Philip
100 _gCodice Aut. SPICS: 6962
245 _aBroadcasting Culture: Innovation, Accomodation and Routinization in the Early Bbc
245 _bImpacts And Influences-Essays On Media Power in The Twentieth Century
250 _a1a ed.
260 _aLONDON
260 _bMethuen And Co.
260 _c1987 [1° Ed.:1987 - Ed.Ling.Originale:1987]
300 _a"24 p. (prefazione: no ; testo: 24 [pagine: 235-258])"
500 _aTrasmissioni Culturali Musica musicisti e Televisione Critica Musicale
650 _aTEORIA DELLA COMUNICAZIONE SOCIALE
650 _eCodice materia Spics: 3802
700 _aMatthews Geoff
700 _gCodice Aut. SPICS: 21276
942 _cBK
957 _71
999 _c43431
_d43431
999 _bSI
999 _g1